00592nam a2200145 a 450000100100000000500170001000800410002704000250006824501200009326000720021330000300028504900090031595201050032499900170042900002802320200930031303.0110406s1998 dr d 000 0 spa d aDO-SdBNPbspacBNPHU00aInforme sobre el programa crediticio desarrollado por DEFINPRO para los sectores productivos Julio 1997-Junio 1998. aSanto Domingo :bBanco Central de la República Dominicana,c1998. a9 p. :bdiagrs. ;c28 cm. aBNPD 0010718PDaPDbPDcCTd2011-04-06iLF1l0o p28023-10r2020-06-25w2020-06-25yLFPDZNo se presta c27515d27515